Amerika : zeměpis pro základní školy /

Hlavní autor: Braun, Richard
Další autoři: Červinka, Pavel, 1959-
Jazyk: Čeština
Vydáno: Praha : Scientia, 2002
Vydání: 3., aktualiz. vyd.
Témata:
Fyzický popis: 51 s. : barev. il., mapy ; 30 cm
Knihy
Uloženo v:
LEADER 01513nam a2200409 a 4500
001 000654925
003 CZ BrMZK
005 20100407080729.0
007 ta
008 030224s2002 xr c p cze d
015 |a cnb001201613 
020 |a 80-7183-156-5  |q (brož.) 
035 |a (OCoLC)53262189 
040 |a BOA001  |b cze 
043 |a n------  |a s------  |a cm----- 
072 7 |a 913  |x Regionální geografie  |2 Konspekt  |9 7 
072 7 |a 37.016  |x Učební osnovy. Vyučovací předměty. Učebnice  |2 Konspekt  |9 22 
080 |a 913(7+8)  |2 MRF 
080 |a 908(7+8)  |2 MRF 
080 |a 91  |2 MRF 
080 |a (075.2)  |2 MRF 
080 |a (076.1)  |2 MRF 
100 1 |a Braun, Richard  |7 mzk2003190568  |4 aut 
245 1 0 |a Amerika :  |b zeměpis pro základní školy /  |c Richard Braun, Pavel Červinka 
250 |a 3., aktualiz. vyd. 
260 |a Praha :  |b Scientia,  |c 2002 
300 |a 51 s. :  |b barev. il., mapy ;  |c 30 cm 
650 0 7 |a regionální geografie  |7 ph116030  |z Amerika  |2 czenas 
650 0 7 |a zeměpis  |7 ph116771  |2 czenas 
655 7 |a učebnice základních škol  |7 fd133773  |2 czenas 
655 7 |a pracovní sešity  |7 fd133116  |2 czenas 
651 7 |a Amerika  |7 ge129120  |x reálie  |2 czenas 
700 1 |a Červinka, Pavel,  |d 1959-  |7 jn20000403040  |4 aut 
910 |a BOA001  |b 4-1112.202 
990 |a BK 
996 6 |b 2610182332  |c 4-1112.202  |l MZK  |r Sklad / do 1 hodiny  |n 2  |p p.v.  |w 000654925  |u 000010  |a 1  |e BOA001  |j MZK50  |s P 
996 7 |b 2610432017  |c 4-1112.202  |l MZK  |r Sklad / do 1 hodiny  |n 6  |p p.v.  |w 000654925  |u 000020  |a 1  |e BOA001  |j MZK50  |s A